[Event "V Magistral Marcel Duchamp 2019"]
[Site "Montevideo"]
[Date "2019.02.17"]
[Round "1.1"]
[White "Lima, Darcy"]
[Black "Tristan, Leonardo"]
[Result "1-0"]
[WhiteElo "2535"]
[BlackElo "2493"]
[Annotator "TA"]
[PlyCount "73"]
[EventDate "2019.02.17"]
[EventType "tourn"]
[EventCountry "URU"]
[SourceTitle "playchess.com"]
[Source "ChessBase"]
[SourceQuality "1"]

{[%evp 22,73,43,0,58,63,62,78,69,54,136,127,153,137,171,102,109,39,99,95,75,87,92,32,48,8,24,26,22,0,0,0,0,0,0,0,0,0,0,0,0,-41,0,0,0,-34,1134,918,734,233,29995,29996,29999,-1665]} 1. e4 e5 2. Nf3 Nc6 3. Bb5 a6 4. Ba4 Nf6 5. O-O Be7 6. Re1 b5 7. Bb3 d6 8. c3 O-O 9. h3 Na5 10. Bc2 c5 11. d4 Nd7 12. b3 cxd4 {C96: Closed Ruy Lopez: Chigorin Defence: 11 d4, replies other than 11...Qc7} (12... exd4 $11 13. cxd4 Nc6) (12... exd4 13. cxd4 Nc6 14. Nc3 Bf6 15. Be3 cxd4 16. Nxd4 Nxd4 17. Bxd4 Bb7 18. Rc1 Rc8 19. Bb1 b4 20. Ne2 Rxc1 21. Qxc1 {½-½ (31) Kulaots,K (2566)-Howell,D (2671) Gjakova 2016}) 13. cxd4 $14 Nc6 14. Nc3 Nb6 {White is better.} 15. Be3 Qc7 $146 (15... Nxd4 $14 16. Nxd4 exd4 17. Qxd4 (17. Bxd4 Bf6 $14) 17... Bf6) ({Predecessor:} 15... Bf6 16. Rc1 Rb8 17. Bb1 Nxd4 18. Nxd4 exd4 19. Bxd4 Bb7 20. Be3 {½-½ (50) Kargin,A (2406)-Turova,I (2385) Budapest 2005}) 16. Rc1 $16 exd4 17. Nxd4 Nxd4 18. Bxd4 (18. Qxd4 $18 {And now e5 would win.} Bf6 19. e5 (19. Qxb6 Qxb6 20. Bxb6 Bxc3 $14) 19... Bxe5 20. Qh4 (20. Qxb6 Qxb6 21. Bxb6 Bxc3 $14)) 18... Bg5 19. Rb1 ({White should try} 19. Be3 $16 Bxe3 20. Rxe3) 19... Be6 ({Better is} 19... b4 $14 20. Nd5 Nxd5 21. exd5 Qd8) 20. Qd3 {Strongly threatening e5.} g6 21. Qg3 Bh6 22. Re2 (22. f4 $16) 22... Rac8 $1 $14 23. Rd1 Bg7 $1 {[%cal Rg7d4]} 24. Bxg7 Kxg7 25. Rxd6 Qxc3 26. Rxb6 Qa1+ 27. Kh2 Qxa2 28. Qe5+ Kg8 29. Rxe6 fxe6 30. Qxe6+ Kg7 31. Qd7+ Kh6 (31... Kh8 $5 {[%cal Rc8c2]} 32. Qd4+ Kg8 $15) 32. Qd2+ Kg7 33. e5 Rfd8 $2 {[%mdl 8192]} (33... Qa3 $15) 34. Qg5 $18 Qa3 {[#]} 35. Bf5 $2 (35. Bxg6 $1 {[%mdl 512] Intending Qf6+ and mate.} hxg6 36. Qf6+ Kg8 37. Qxg6+ Kf8 38. Re4) 35... Rb8 $2 (35... Qf8 $18 36. Bxc8 Rxc8) 36. Qf6+ Kh6 (36... Kg8 37. Qd6 $4 {[%mdl 40960] Accuracy: White = 37%, Black = 48%. . An unexpected result.} (37. Be6# {was the only winning move.})) 37. Re4 1-0

[Event "V Magistral Marcel Duchamp 2019"]
[Site "Montevideo"]
[Date "2019.02.17"]
[Round "1.2"]
[White "Roselli Mailhe, Bernardo"]
[Black "Hungaski, Robert"]
[Result "1-0"]
[WhiteElo "2434"]
[BlackElo "2520"]
[Annotator "TA"]
[PlyCount "95"]
[EventDate "2019.02.17"]
[EventType "tourn"]
[EventCountry "URU"]
[SourceTitle "playchess.com"]
[Source "ChessBase"]
[SourceQuality "1"]

{[%evp 14,95,18,14,15,11,23,16,4,8,19,0,15,0,0,0,0,0,0,-4,-12,-25,-10,-11,-12,-6,-10,-22,-5,0,0,0,8,8,69,0,0,-68,0,0,0,0,0,4,23,24,26,27,10,68,77,61,125,109,117,109,152,155,155,147,298,297,314,315,282,238,238,238,238,238,238,238,879,855,1000,973,881,917,1891,1860,29994,2401,29995,29996]} 1. d4 Nf6 2. c4 e6 3. Nf3 d5 4. Nc3 Be7 5. Bg5 h6 6. Bh4 O-O 7. e3 Nbd7 8. Rc1 c5 {D63: Queen's Gambit Declined: Classical: 7 Rc1} 9. dxc5 dxc4 (9... Nxc5 10. cxd5 g5 11. Bg3 Nxd5 12. Nxd5 Qxd5 13. Qxd5 exd5 14. Nd4 Bd7 15. Be2 Rac8 16. O-O {½-½ (31) Ivanchuk,V (2710)-Yu,Y (2765) Batumi 2018}) 10. Bxc4 Nxc5 {The position is equal.} 11. O-O a6 12. Be2 b5 13. Nd4 {Hoping for b4.} Bb7 14. Bf3 Qb6 15. Bxb7 Qxb7 {[#]} 16. Qe2 $146 ({Predecessor:} 16. Bxf6 Bxf6 17. Ncxb5 axb5 18. Rxc5 Bxd4 19. Qxd4 Ra7 {½-½ (40) Piket,J (2615)-Graf,A (2515) Manila 1992}) 16... Rfc8 17. Rfd1 Ncd7 18. Qf3 Qxf3 19. gxf3 Bb4 (19... g5 $5 20. Bg3 $8 Bb4 $11) 20. Ne4 Nxe4 21. fxe4 Ne5 22. Bg3 Nc4 23. Rc2 Rd8 (23... e5 $11 24. Nf5 Rd8) 24. Ra1 (24. b3 $14 Na3 25. Rc6) 24... Rac8 $11 25. b3 (25. Rac1 $11) 25... Na3 ({Black should try} 25... Nd2 $1 $15 26. Rxc8 Rxc8) 26. Rc6 Rxc6 27. Nxc6 Bc3 28. Rc1 $36 {[%mdl 2048] White fights for an advantage.} Bb2 29. Ne7+ Kf8 30. Rc7 Rd1+ 31. Kg2 g5 32. Nc6 Nc2 (32... Rd2 $14) 33. Be5 Bxe5 34. Nxe5 $16 {[%mdl 4096] Endgame KRN-KRN} Rd2 35. Rxf7+ Ke8 36. Kg3 Nb4 $2 {[#]} (36... h5 $16 {was called for.} 37. a4 h4+ 38. Kg4 Na1) 37. Rh7 Rxa2 38. Rxh6 Ke7 39. Rh7+ Ke8 40. Rg7 Rb2 41. Rxg5 Rxb3 42. h4 Rb1 $2 (42... Nd3 43. Nf3 Rb1) 43. Kg2 $18 Rc1 44. h5 Kf8 45. Nd7+ Kf7 46. h6 {[#] Threatening mate with Rg7+.} Nd3 47. Rg7+ Ke8 48. h7 {Accuracy: White = 67%, Black = 51%.} 1-0

[Event "V Magistral Marcel Duchamp 2019"]
[Site "Montevideo"]
[Date "2019.02.17"]
[Round "1.3"]
[White "Hoffman, Alejandro"]
[Black "Lopez Azambuja, Nicolas"]
[Result "1/2-1/2"]
[WhiteElo "2461"]
[BlackElo "2320"]
[Annotator "TA"]
[PlyCount "162"]
[EventDate "2019.02.17"]
[EventType "tourn"]
[EventCountry "URU"]
[SourceTitle "playchess.com"]
[Source "ChessBase"]
[SourceQuality "1"]

{[%evp 30,162,0,-25,0,-23,-10,-39,-31,-35,0,0,0,0,-4,7,41,32,39,0,-20,-21,0,0,105,64,62,60,73,50,58,59,62,47,54,56,78,60,81,33,33,7,7,19,29,4,18,7,16,0,3,10,18,14,20,21,50,22,29,20,40,14,35,7,8,8,11,4,4,4,4,4,6,0,0,0,0,0,6,-50,-53,-45,-11,-9,-10,-59,-50,-164,-164,-168,-97,-164,-164,-164,-164,-164,-53,-53,-53,-164,-53,-164,-164,-157,-53,-53,-56,-157,-157,-157,-157,-157,-157,-154,-154,-142,-24,-24,-5,-8,-5,-5,0,0,0,0,0,0,0,0,0,0,8,8,8]} 1. d4 Nf6 2. c4 e6 3. Nf3 d5 4. e3 Be7 5. b3 O-O 6. Bd3 c5 7. O-O Nc6 8. Bb2 cxd4 9. exd4 b6 10. Nbd2 Bb7 11. Rc1 Rc8 12. Qe2 Re8 13. Rfd1 Bf8 14. h3 g6 {E14: Queen's Indian: Classical Variation (4 e3)} 15. Qe3 Bg7 (15... Qe7 16. Ne5 dxc4 17. Nxc6 Bxc6 18. bxc4 Bg7 19. Bf1 Qb7 20. Qb3 Red8 21. Nb1 Rc7 22. d5 exd5 23. Bxf6 Bxf6 24. cxd5 {0-1 (54) Shaposhnikov,E (2563)-Jakovenko,D (2730) Khanty-Mansiysk 2017}) 16. Ne5 {LiveBook: 14 Games} Qe7 {Black has an edge.} 17. f4 Bh6 $146 ({Predecessor:} 17... dxc4 18. bxc4 Qb4 19. Ba1 Qa4 20. Ndf3 Nb4 21. Be2 Nh5 22. Ne1 {½-½ (34) Smejkal,J (2555)-Ogaard,L (2435) Kiel 1978}) 18. Nxc6 Bxc6 19. c5 Nh5 20. g3 bxc5 21. Rxc5 Bb7 22. b4 Qf6 23. Nb3 $36 {[%mdl 2048] White fights for an advantage.} Bf8 24. Ra5 ({White should try} 24. Rxc8 $14 Rxc8 25. a3) 24... Bxb4 $11 25. Rxa7 Ba8 26. Rb1 Bc3 {[#]} (26... Rb8 $11 {keeps the balance.}) 27. Rxa8 $1 {[%mdl 512]} Rxa8 28. Bxc3 Rxa2 29. Nc1 {[%cal Bb3c1,Bc1e2,Be2c3,Bc3b5][%mdl 32]} Ra7 30. Ne2 Rc8 31. Be1 Qd8 32. g4 Ng7 33. Nc3 Rca8 34. Nb5 Ra1 35. Qc1 Rxb1 36. Qxb1 Qb8 37. Qc1 Qc8 38. Qc5 Qb8 39. Bd2 Qd8 40. Kg2 Qh4 41. Qc3 Qd8 42. Be1 Qb8 43. Bg3 Qc8 44. Qc5 Qd8 45. Kf3 (45. Na7 {is more complex.} Ne8 46. Nc6 Ra2+ 47. Bf2 Qc7 48. Ne5) 45... Rc8 46. Bh4 Rxc5 47. Bxd8 Rc1 48. Bb6 Rh1 49. Kg2 Rd1 50. Be2 Rb1 51. Bc5 Rb2 52. Kf2 Rb3 53. Bf1 Ne8 54. Na3 (54. Be7 $11) 54... Nf6 $15 55. Bg2 Ne4+ 56. Bxe4 $1 dxe4 57. Nc4 Rxh3 58. Ne3 (58. g5 $15) 58... Rf3+ 59. Ke2 Rxf4 (59... f6 $19 60. g5 Rxf4 61. gxf6 Rxf6) 60. Bd6 (60. d5 $17 {keeps fighting.} exd5 61. Nxd5) 60... Rf3 $19 61. g5 f6 62. gxf6 Rxf6 63. Ng4 $1 {[%cal Rg4f6]} Rf3 64. Nf2 ({Better is} 64. Be5 $1 $15) 64... Rb3 (64... h6 $1 $19 65. Nxe4 Rh3) 65. Nxe4 (65. Bf4 $1 $15) 65... h6 $1 66. Nc5 Rb2+ ({Black should play} 66... Rb6 $17 67. Bc7 Rb2+ 68. Ke3 Kf7) 67. Kf3 $1 $15 Kf7 68. Nd3 (68. Bc7 $15) 68... Ra2 $17 69. Ne5+ {[#]} Kg7 $1 70. Nd7 {[#] White wants to play Bf8+.} g5 $1 71. Bf8+ Kg6 72. Ne5+ Kf5 (72... Kh7 $17 73. Be7 Kg7) 73. Bxh6 $11 Ra3+ 74. Kg2 {The position is equal.} Ra4 75. Nf3 g4 76. Nh4+ Ke4 77. Bg7 Kf4 {Hoping for ...Kg5.} 78. Ng6+ Kf5 79. Ne7+ Ke4 80. Kg3 Ra7 81. Bf6 Rxe7 {Precision: White = 47%, Black = 49%.} 1/2-1/2

[Event "V Magistral Marcel Duchamp 2019"]
[Site "Montevideo"]
[Date "2019.02.17"]
[Round "1.4"]
[White "Larrea, Manuel"]
[Black "Carbone, Diego"]
[Result "1/2-1/2"]
[WhiteElo "2269"]
[BlackElo "2256"]
[Annotator "TA"]
[PlyCount "43"]
[EventDate "2019.02.17"]
[EventType "tourn"]
[EventCountry "URU"]
[SourceTitle "playchess.com"]
[Source "ChessBase"]
[SourceQuality "1"]

{[%evp 11,43,14,20,25,27,10,12,14,22,17,31,-4,14,-13,19,22,18,-4,21,21,21,13,22,-25,-20,-25,-16,-22,-22,-27,-4,-7,0,-25]} 1. e4 e5 2. Nf3 Nc6 3. Bc4 Bc5 4. c3 Nf6 5. d3 d6 6. O-O a6 7. a4 {C54: Giuoco Piano: 4 c3 Nf6, main lines with 5 d4 and 5 d3} Ba7 (7... O-O 8. Bg5 h6 9. Bh4 g5 10. Bg3 Ba7 11. Nbd2 Nh7 12. h3 h5 13. d4 h4 14. Bh2 g4 15. hxg4 Bxg4 16. dxe5 dxe5 {1-0 (45) Duda,J (2738)-Kramnik,V (2777) Wijk aan Zee 2019}) 8. Bb3 h6 9. Be3 O-O 10. Nbd2 Ne7 11. Bc2 $146 ({Predecessor:} 11. Bxa7 Rxa7 12. d4 Ng6 13. Re1 Ra8 14. Nf1 Re8 {1-0 (40) Barua,D (2555)-Ibragimov,I (2611) Guntur 2000}) 11... Ng6 12. h3 Re8 13. d4 Nh5 14. Nc4 Be6 15. d5 Bd7 16. Bxa7 Rxa7 17. Nfxe5 Nxe5 18. Nxe5 Rxe5 19. f4 Nxf4 $1 20. Rxf4 Qg5 21. Qf3 f6 22. Kh2 {Accuracy: White = 48%, Black = 34%.} 1/2-1/2

[Event "V Magistral Marcel Duchamp 2019"]
[Site "Montevideo"]
[Date "2019.02.17"]
[Round "1.5"]
[White "Lujan, Carolina"]
[Black "Gemy, Jose Daniel"]
[Result "0-1"]
[WhiteElo "2357"]
[BlackElo "2391"]
[Annotator "RC"]
[PlyCount "76"]
[EventDate "2019.02.17"]
[EventType "tourn"]
[EventCountry "URU"]
[SourceTitle "playchess.com"]
[Source "ChessBase"]
[SourceQuality "1"]
[TimeControl "5400+30"]

1. e4 {[%emt 0:00:42]} e5 {[%emt 0:11:42]} 2. Nf3 {[%emt 0:00:07]} Nc6 {[%emt 0:00:05]} 3. Bc4 {[%emt 0:00:05]} Bc5 {[%emt 0:00:06]} 4. O-O {[%emt 0:00:30]} Nf6 {[%emt 0:00:05]} 5. d3 {[%emt 0:00:03]} O-O {[%emt 0:01:02]} 6. Bb3 {[%emt 0:00:11]} d6 {[%emt 0:01:18]} 7. c3 {[%emt 0:00:12]} a6 {[%emt 0:01:22]} 8. h3 {[%emt 0:06:51]} h6 {[%emt 0:00:37]} 9. Re1 {[%emt 0:00:17]} Be6 {[%emt 0:00:17]} 10. Bc2 {[%emt 0:04:17]} d5 {[%emt 0:02:30]} 11. exd5 {[%emt 0:03:44]} Qxd5 {[%emt 0:00:14]} 12. b4 {[%emt 0:14:18]} Ba7 {[%emt 0:01:58]} 13. Nbd2 {[%emt 0:01:31]} Bf5 {[%emt 0:27:45]} 14. Qe2 {[%emt 0:26:34]} Bh7 {[%emt 0:06:26]} 15. Ne4 {[%emt 0:05:15]} Qe6 {[%emt 0:06:45]} 16. Nc5 {[%emt 0:07:25]} Bxc5 {[%emt 0:08:43]} 17. bxc5 {[%emt 0:00:04]} Qd5 {[%emt 0:00:25]} 18. Qe3 {[%emt 0:08:05]} Rad8 {[%emt 0:05:47]} 19. Rd1 {[%emt 0:00:59]} Rfe8 {[%emt 0:04:19]} 20. Ba3 {[%emt 0:04:28]} Qd7 {[%emt 0:03:21]} 21. Ba4 {[%emt 0:00:44]} Nd5 {[%emt 0:04:06]} 22. Qd2 {[%emt 0:06:43]} Nf4 {[%emt 0:01:20]} 23. d4 {[%emt 0:01:13]} Nxh3+ {[%emt 0:03:35]} 24. Kh2 {[%emt 0:05:32]} Qg4 {[%emt 0:02:52]} 25. gxh3 {[%emt 0:00:28]} Qxf3 {[%emt 0:00:06]} 26. Rg1 {[%emt 0:01:09]} exd4 {[%emt 0:00:34]} 27. Bxc6 {[%emt 0:01:24]} bxc6 {[%emt 0:00:14]} 28. Rg3 {[%emt 0:00:26]} dxc3 {[%emt 0:00:29]} 29. Qxc3 {[%emt 0:00:18]} Qxf2+ {[%emt 0:00:42]} 30. Rg2 {[%emt 0:00:01]} Qf4+ {[%emt 0:00:21]} 31. Kg1 {[%emt 0:00:13]} Qe3+ {[%emt 0:01:09]} 32. Qxe3 {[%emt 0:00:01]} Rxe3 {[%emt 0:00:04]} 33. Bb2 {[%emt 0:00:07]} Bg6 {[%emt 0:00:46]} 34. h4 {[%emt 0:00:23]} Rh3 {[%emt 0:00:38]} 35. Rg4 {[%emt 0:02:03]} h5 {[%emt 0:00:11]} 36. Rb4 {[%emt 0:00:23]} Rd2 {[%emt 0:00:34]} 37. Re1 {[%emt 0:00:25]} Rhh2 {[%emt 0:01:29]} 38. Re8+ {[%emt 0:00:39]} Kh7 {[%emt 0:00:02]} 0-1

[Event "V Magistral Marcel Duchamp 2019"]
[Site "Montevideo"]
[Date "2019.02.18"]
[Round "2.1"]
[White "Tristan, Leonardo"]
[Black "Gemy, Jose Daniel"]
[Result "1-0"]
[WhiteElo "2493"]
[BlackElo "2391"]
[Annotator "TA"]
[PlyCount "85"]
[EventDate "2019.02.17"]
[EventType "tourn"]
[EventCountry "URU"]
[SourceTitle "playchess.com"]
[Source "ChessBase"]
[SourceQuality "1"]

{[%evp 12,85,6,0,-13,-4,12,1,3,5,44,45,42,41,49,46,39,89,70,42,47,42,69,60,98,44,77,51,54,53,70,70,68,70,76,74,128,120,127,129,138,143,145,139,130,138,193,183,186,180,321,325,347,309,381,368,357,377,341,341,360,245,245,245,245,245,462,456,2357,2274,29983,29984,29984,29985,29985,1328]} 1. d4 Nf6 2. Bf4 g6 3. Nc3 d5 4. Nb5 (4. e3 Bg7 5. h4 c6 6. Be2 h5 7. Nf3 Bg4 8. Ne5 Bxe2 9. Qxe2 Nbd7 10. O-O-O Rc8 11. f3 {0-1 (60) Nabaty,T (2692)-Rodshtein,M (2674) Czech Republic 2019}) 4... Na6 5. e3 Bg7 6. Nf3 {A45: Trompowsky Attack} O-O 7. Be2 {LiveBook: 20 Games} Nh5 8. Bg5 {The position is equal.} h6 $146 ({Predecessor:} 8... f6 9. Bh4 g5 10. Nd2 gxh4 11. Bxh5 c6 12. Nc3 e5 13. Nf3 {½-½ (62) Balog,I (2539)-Nagy,G (2472) Hungary 2018}) 9. Bh4 g5 10. Ne5 Nf6 11. Bg3 Ne4 12. Nc3 Nxg3 13. hxg3 Nb4 14. a3 Nc6 15. Nxc6 bxc6 16. f4 e6 17. Na4 Qe7 18. Bd3 ({Better is} 18. Qd3 $16) 18... f6 19. Qh5 {aiming for Qg6.} e5 20. Qg6 {[#] Hoping for fxe5.} e4 21. Be2 $40 {[%mdl 128] White has some attack.} Qf7 22. Qxf7+ Kxf7 23. c4 Ke7 ({Black should play} 23... a5) 24. Rc1 Kd6 25. cxd5 cxd5 26. Bb5 {Strongly threatening Rc6+.} Bd7 27. Bxd7 Kxd7 28. f5 {[%cal Bf4f5,Bf5e6][%mdl 32]} Rfe8 (28... Kd6 $16 29. Rc2 c6) 29. Nc5+ Kd6 30. Ne6 Rxe6 (30... Bf8 $142 31. Nxc7 Rec8) 31. fxe6 $18 {[%mdl 4096] Endgame KRR-KRB} Rb8 32. b4 c6 33. Rc5 Rb6 34. O-O Kxe6 35. Rfc1 Kd6 36. b5 cxb5 37. Rc7 Bf8 38. Rxa7 Ke6 $2 (38... Rc6 {was necessary.} 39. Rxc6+ Kxc6) 39. Rc8 b4 (39... Bd6 $142 40. g4 Rb8) 40. g4 b3 41. Re8+ {White mates.} Kd6 42. Rxf8 {[%cal Rf8f6]} Ke6 43. Raf7 {Precision: White = 74%, Black = 40%.} (43. Rh7 $142 Rb5 44. Ra8 Rb6 45. Re8+ Kd6 46. Rf8 Ke6 {[#]} 47. Rxf6+ $1 {[%mdl 512]} Kxf6 48. Rxh6+ Kf7 49. Rxb6) 1-0

[Event "V Magistral Marcel Duchamp 2019"]
[Site "Montevideo"]
[Date "2019.02.18"]
[Round "2.2"]
[White "Carbone, Diego"]
[Black "Lujan, Carolina"]
[Result "1/2-1/2"]
[WhiteElo "2256"]
[BlackElo "2357"]
[Annotator "TA"]
[PlyCount "80"]
[EventDate "2019.02.17"]
[EventType "tourn"]
[EventCountry "URU"]
[SourceTitle "playchess.com"]
[Source "ChessBase"]
[SourceQuality "1"]

{[%evp 18,80,31,30,43,10,18,9,31,29,35,0,0,-16,0,-18,-33,-27,0,-14,0,0,35,34,27,27,49,56,50,51,44,44,41,54,86,93,110,21,29,22,28,29,83,8,85,0,0,0,0,0,0,0,0,0,0,0,0,0,0,0,0,0,0,0,0]} 1. d4 Nf6 2. c4 g6 3. g3 Bg7 4. Bg2 d5 5. cxd5 Nxd5 6. Nf3 O-O 7. O-O Nb6 8. Nc3 Nc6 9. e3 a5 10. b3 Bf5 {D76: Fianchetto Grünfeld: Main Line with 7...Nb6} (10... e5 11. dxe5 Nxe5 12. Nxe5 Bxe5 13. Bb2 c6 14. Qc2 Qe7 15. Rad1 Bg4 16. f3 Be6 17. f4 Bg7 18. e4 {0-1 (78) Giri,A (2734)-Le,Q (2703) Beijing 2013}) 11. Ba3 Nb4 $146 ({Predecessor:} 11... Re8 12. Rc1 Nb4 13. Ne5 f6 14. Nf3 c6 15. Qd2 e5 16. h3 e4 17. Nh2 N4d5 18. Bc5 Nxc3 19. Bxb6 Qxb6 20. Qxc3 {½-½ (61) Najdorf,M-Ljubojevic,L Manila 1973}) 12. Rc1 Bd3 13. Re1 Ba6 14. Bxb4 axb4 15. Ne4 {[%cal Bc3e4,Be4d2,Bd2c4][%mdl 32]} Nd5 16. Qc2 b6 17. Ne5 Bb5 18. Nd2 c5 19. Ndc4 {Strongly threatening Bxd5.} e6 20. dxc5 bxc5 21. Red1 {e4 is the strong threat.} Qc7 22. Bxd5 exd5 23. Rxd5 Rfd8 24. Rcd1 Rxd5 25. Rxd5 Bxc4 26. Nxc4 Qa7 27. g4 ({White should play} 27. Qd3 $16) 27... Qb7 $11 28. Qd2 Bc3 29. Rd8+ Rxd8 (29... Kg7 $11 {keeps the balance.} 30. Qd5 Qxd5 31. Rxd5 Rxa2) 30. Qxd8+ $16 Kg7 {[#]} 31. Nd6 (31. Qd1 $1 $16) 31... Qf3 $1 $11 {The position is equal.} 32. Ne8+ Kf8 33. Nf6+ Kg7 34. Ne8+ Kf8 35. g5 Qg4+ 36. Kf1 {White wants to mate with Nf6+.} Qh3+ {[%mdl 64] [#] Double Attack} 37. Kg1 {Intending Nf6+ and mate.} Qg4+ 38. Kf1 {White threatens Nf6+ and mate.} Qh3+ {[%mdl 64] Double Attack} 39. Kg1 Qg4+ 40. Kf1 {Threatening mate with Nf6+.} Qh3+ {[%mdl 64] Double Attack. Accuracy: White = 42%, Black = 57%.} 1/2-1/2

[Event "V Magistral Marcel Duchamp 2019"]
[Site "Montevideo"]
[Date "2019.02.18"]
[Round "2.3"]
[White "Lopez Azambuja, Nicolas"]
[Black "Larrea, Manuel"]
[Result "1-0"]
[WhiteElo "2320"]
[BlackElo "2269"]
[Annotator "TA"]
[PlyCount "91"]
[EventDate "2019.02.17"]
[EventType "tourn"]
[EventCountry "URU"]
[SourceTitle "playchess.com"]
[Source "ChessBase"]
[SourceQuality "1"]

{[%evp 17,91,27,50,-44,-34,-44,-45,-40,-20,-11,6,2,14,12,23,15,52,46,33,41,36,35,27,0,0,-7,156,137,183,203,287,293,317,317,294,288,322,299,368,393,384,386,355,214,214,217,222,188,220,173,213,210,208,0,190,128,141,103,129,70,69,0,129,68,72,79,114,57,77,40,323,286,462,452,454,439]} 1. d4 Nf6 2. c4 e6 3. Nc3 d5 4. cxd5 exd5 5. Bg5 c6 6. e3 Nbd7 7. Qc2 Bd6 8. Bd3 Nf8 9. Nge2 Ng6 10. h3 {D36: Queen's Gambit Declined: Exchange Variation: Main line (5 Bg5 c6 6 Qc2)} (10. f3 $14) (10. O-O-O O-O 11. Bxg6 hxg6 12. f3 b5 13. g4 b4 14. Na4 Ba6 15. Nf4 Bb5 16. Nc5 Qe7 17. Rhe1 Bxc5 18. dxc5 {1-0 (50) Morozevich,A (2755)-Savchenko,B (2583) Moscow 2007}) 10... h6 $146 11. Bxg6 {[#] Hoping for Bxf6.} hxg5 12. Bd3 {Black is slightly better.} Be6 13. O-O-O b5 14. Kb1 a5 15. f3 Rc8 16. e4 dxe4 17. fxe4 {aiming for e5.} Be7 18. Qd2 O-O 19. Qe3 ({But not} 19. Qxg5 Nxe4 20. Qf4 (20. Qh5 g6 $15) 20... Nxc3+ 21. Nxc3 g6 $15) 19... Re8 20. d5 ({Reject} 20. Qxg5 b4 $17) 20... cxd5 21. Bxb5 Nd7 $2 (21... Bd7 $1 $11) 22. Nxd5 $16 {[%cal Bc3d5,Bd5c7,Bc7b5][%mdl 32]} Bc5 23. Qg3 Rb8 (23... Bf8 $142 24. Rhf1 Rc5) 24. Nc7 $18 Bf2 25. Qd6 ({Not} 25. Qxf2 Qxc7 26. Nd4 Red8 $16) 25... Rxb5 26. Nxb5 {Nc7 is the strong threat.} Qa8 27. Nec3 {Strongly threatening Nc7.} Nf6 28. Nc7 Nxe4 29. Nxa8 Nxd6 30. Rxd6 Rxa8 31. Rhd1 Kh7 32. g4 Bg3 33. Rb6 a4 34. Ne4 Bf4 35. Nc3 $2 (35. Nc5 $18) 35... Be5 $2 (35... Bg3 $1 $11 {and Black stays safe.}) 36. a3 ({White should try} 36. Rb4 $18) 36... Bb3 $16 37. Re1 f6 38. Rb4 (38. Ne4 $16) 38... Kg6 $14 39. Rb6 (39. Rf1 $14) 39... Kh7 $1 $16 40. Rc6 (40. Ne4 $16) 40... Rd8 $14 41. Ne4 Bd5 42. Rc2 (42. Ra6 $16) 42... Kg6 43. Nc5 Bc6 $2 {[%mdl 8192] [#]} (43... Rh8 $14) 44. Nd3 $1 $18 {[%cal Rd3e5][%mdl 512]} Bg3 $2 (44... Bd5 {was worth a try.} 45. Nxe5+ fxe5 46. Rxe5 Bb3 47. Rc6+ Kh7) (44... Rxd3 45. Rxc6) 45. Rxc6 Bxe1 46. Nxe1 {Accuracy: White = 59%, Black = 38%.} 1-0

[Event "V Magistral Marcel Duchamp 2019"]
[Site "Montevideo"]
[Date "2019.02.18"]
[Round "2.4"]
[White "Hungaski, Robert"]
[Black "Hoffman, Alejandro"]
[Result "1/2-1/2"]
[WhiteElo "2520"]
[BlackElo "2461"]
[Annotator "TA"]
[PlyCount "22"]
[EventDate "2019.02.17"]
[EventType "tourn"]
[EventCountry "URU"]
[SourceTitle "playchess.com"]
[Source "ChessBase"]
[SourceQuality "1"]

{[%evp 18,22,22,0,6,0,12]} 1. d4 Nf6 2. c4 g6 3. g3 Bg7 4. Bg2 O-O 5. Nf3 c6 6. O-O d5 7. cxd5 cxd5 8. Nc3 Nc6 9. Ne5 e6 10. f4 Ne7 {D79: Fianchetto Grünfeld: Symmetrical Variation (6 0-0 c6 7 cxd5 cxd5)} 11. e3 $146 ({Predecessor:} 11. g4 b6 12. b3 Ba6 13. Ba3 Rc8 14. Qd2 Re8 15. Rfc1 Nd7 16. Rc2 f5 17. g5 Nxe5 18. dxe5 {1-0 (48) Zhang,Z (2617)-Wang,P (2383) Canberra 2008}) 11... Ne8 1/2-1/2